[Event "Leiden SB-ch"]
[Site "Leiden"]
[Date "2003.06.10"]
[Round "4"]
[White "Hoogenboom, Gabri"]
[Black "Bakker, Joop"]
[Result "1-0"]
[WhiteElo "1575"]
[BlackElo "1932"]
[PlyCount "45"]
[EventDate "2003.05.20"]
[EventType "swiss"]
[EventRounds "7"]
[EventCountry "NED"]
[SourceTitle "CBM 095 Extra"]
[Source "ChessBase"]
[SourceDate "2003.09.04"]
[SourceVersion "1"]
[SourceVersionDate "2003.09.04"]
[SourceQuality "1"]

1. e4 d5 2. exd5 Qxd5 3. c4 Qa5 4. Nc3 e5 5. Nf3 Bg4 6. Be2 Nc6 7. Nd5 Nf6 8. Nxe5 Nxe5 9. Nxf6+ gxf6 10. Bxg4 Nxc4 11. 0-0 Be7 12. Re1 Ne5 13. Qe2 0-0 14. Bf5 Qb4 15. d4 Nc6 16. a3 Qa5 17. Qe4 Kh8 18. Bd2 Qxd2 19. Qh4 h6 20. Re3 Kg7 21. Rg3+ Qg5 22. Rxg5+ hxg5 23. Qh7# 1-0

[Event "Leiden SB-ch"]
[Site "Leiden"]
[Date "2003.05.20"]
[Round "1"]
[White "Heemskerk, Wim"]
[Black "Hoogenboom, Gabri"]
[Result "1-0"]
[WhiteElo "2150"]
[BlackElo "1575"]
[PlyCount "43"]
[EventDate "2003.05.20"]
[EventType "swiss"]
[EventRounds "7"]
[EventCountry "NED"]
[SourceTitle "CBM 095 Extra"]
[Source "ChessBase"]
[SourceDate "2003.09.04"]
[SourceVersion "1"]
[SourceVersionDate "2003.09.04"]
[SourceQuality "1"]

1. d4 Nf6 2. Nf3 d5 3. e3 Bg4 4. c4 c6 5. Qb3 Qc7 6. Ne5 e6 7. Nc3 Bd6 8. f4 Bf5 9. Bd2 Nbd7 10. Rc1 Ne4 11. cxd5 Nxd2 12. Kxd2 exd5 13. Nxd5 Qa5+ 14. Nc3 Be6 15. Bc4 Bxc4 16. Nxc4 Qc7 17. Qxb7 Qxb7 18. Nxd6+ Ke7 19. Nxb7 Rab8 20. Na5 Rxb2+ 21. Rc2 Rxc2+ 22. Kxc2 1-0